<?xml version="1.0" encoding="UTF-8"?><?xml-stylesheet type="text/xsl" href="static/style.xsl"?><OAI-PMH xmlns="http://www.openarchives.org/OAI/2.0/" xmlns:xsi="http://www.w3.org/2001/XMLSchema-instance" xsi:schemaLocation="http://www.openarchives.org/OAI/2.0/ http://www.openarchives.org/OAI/2.0/OAI-PMH.xsd"><responseDate>2026-06-03T01:33:32Z</responseDate><request verb="GetRecord" identifier="oai:riuma.uma.es:10630/29357" metadataPrefix="marc">https://riuma.uma.es/rest/oai/request</request><GetRecord><record><header><identifier>oai:riuma.uma.es:10630/29357</identifier><datestamp>2026-02-03T11:09:56Z</datestamp><setSpec>com_10630_2254</setSpec><setSpec>col_10630_37953</setSpec></header><metadata><record xmlns="http://www.loc.gov/MARC21/slim" xmlns:dcterms="http://purl.org/dc/terms/" xmlns:doc="http://www.lyncode.com/xoai" xmlns:xsi="http://www.w3.org/2001/XMLSchema-instance" xsi:schemaLocation="http://www.loc.gov/MARC21/slim http://www.loc.gov/standards/marcxml/schema/MARC21slim.xsd">
   <leader>00925njm 22002777a 4500</leader>
   <datafield ind2=" " ind1=" " tag="042">
      <subfield code="a">dc</subfield>
   </datafield>
   <datafield ind2=" " ind1=" " tag="720">
      <subfield code="a">Camas-Peña, Daniel</subfield>
      <subfield code="e">author</subfield>
   </datafield>
   <datafield ind2=" " ind1=" " tag="720">
      <subfield code="a">Branco, Ricardo</subfield>
      <subfield code="e">author</subfield>
   </datafield>
   <datafield ind2=" " ind1=" " tag="720">
      <subfield code="a">Antunes, Fernando Ventura</subfield>
      <subfield code="e">author</subfield>
   </datafield>
   <datafield ind2=" " ind1=" " tag="720">
      <subfield code="a">Neto, Diogo Mariano</subfield>
      <subfield code="e">author</subfield>
   </datafield>
   <datafield ind2=" " ind1=" " tag="260">
      <subfield code="c">2023-10-10</subfield>
   </datafield>
   <datafield ind2=" " ind1=" " tag="520">
      <subfield code="a">This work is a numerical study of CT specimens with straight cracks and different thickness values submitted to different load levels, which aims to analyse the shape and dimension variations of the monotonic yielded area near the crack tip, examining the impact of variables such as load magnitude, thickness of the specimen and position along the crack front. Additionally, it intends to explore the correlation between the size of the monotonic plastic zone and the plastic CTOD (Crack Tip Opening Displacement) to determine if a well-defined relationship exists. Furthermore, the impact of specimen thickness and load level on plastic CTOD will be explored. A complex plastic zone was found along the crack front, with the maximum area positioned at some distance from the crack front. A plane stress scale was determined considering the size of the equivalent bi-dimensional yielded area. When examining the behaviour across the thickness, no conclusive correlation was identified between the plastic CTOD and the monotonic yielded area. This suggests that utilising this parameter may not be appropriate for studies related to fatigue crack growth. However, when considering average values, a good correlation was found. The increase in thickness decreased the plastic CTOD values at the surface, while the interior values were unaffected.</subfield>
   </datafield>
   <datafield ind1="8" ind2=" " tag="024">
      <subfield code="a">D. Camas, R. Branco, F.V. Antunes, D.M. Neto, Three-dimensional numerical study of thickness effect on plastic CTOD and monotonic plastic zone in an aluminium CT specimen, Theoretical and Applied Fracture Mechanics, Volume 128, 2023, 104132, ISSN 0167-8442, https://doi.org/10.1016/j.tafmec.2023.104132</subfield>
   </datafield>
   <datafield ind1="8" ind2=" " tag="024">
      <subfield code="a">https://hdl.handle.net/10630/29357</subfield>
   </datafield>
   <datafield ind1="8" ind2=" " tag="024">
      <subfield code="a">10.1016/j.tafmec.2023.104132</subfield>
   </datafield>
   <datafield tag="653" ind2=" " ind1=" ">
      <subfield code="a">Ciencia de los materiales</subfield>
   </datafield>
   <datafield ind2="0" ind1="0" tag="245">
      <subfield code="a">Three-dimensional numerical study of thickness effect on plastic CTOD and monotonic plastic zone in an aluminium CT specimen</subfield>
   </datafield>
</record>
</metadata></record></GetRecord></OAI-PMH>